书目信息 |
| 题名: |
管理现代化
|
|
| 作者: | 朱镕基 主编 | |
| 分册: | ||
| 出版信息: | 北京 科学普及出版社 1983 |
|
| 页数: | 219页 | |
| 开本: | 21cm | |
| 丛书名: | ||
| 单 册: | ||
| 中图分类: | F270.7 , D93 | |
| 科图分类: | ||
| 主题词: | 现代化管理:企业管理 , 企业管理:现代化管理 , 法律 | |
| 电子资源: | ||
| ISBN: | ||
| 000 | 00749nam0 2200289 45 | |
| 001 | 0183003220 | |
| 005 | 20040505103423.4 | |
| 010 | @dCNY0.78 | |
| 091 | @a15051.1071 | |
| 100 | @a19950706d1983 em y0chiy0121 ea | |
| 101 | 0 | @achi |
| 102 | @aCN@b110000 | |
| 105 | @ay z 000yy | |
| 106 | @ar | |
| 200 | 10 | @a管理现代化@Aguan li xian dai hua@f朱镕基主编@FZhu Rong Ji Zhu Bian |
| 210 | @a北京@c科学普及出版社@d1983 | |
| 215 | @a219页@d21cm | |
| 300 | @a现代科技知识干部读本 | |
| 606 | @a现代化管理:企业管理 | |
| 606 | @a企业管理:现代化管理 | |
| 606 | 0 | @a法律 |
| 690 | @aF270.7@v3 | |
| 690 | @aD93 | |
| 701 | 0 | @a朱镕基@4主编 |
| 801 | 0 | @aCN@b上海图书馆@c20040505 |
| 801 | 2 | @aCN@bNLC@c20040505 |
| 905 | @f2@b105129-130@dD93@e2 | |
| 管理现代化/朱镕基主编.-北京:科学普及出版社,1983 |
| 219页;21cm |
| 现代科技知识干部读本 |
| ISBN :CNY0.78 |
| ● |
| 相关链接 |
|
|
|
|
正题名:管理现代化
索取号:D93/2
 
预约/预借
| 序号 | 登录号 | 条形码 | 馆藏地/架位号 | 状态 | 备注 |
| 1 | 0105128 | 001023369 | 密集书库/ [索取号:D93/2] | 在馆 | |
| 2 | 0105129 | 001023387 | 密集书库/ [索取号:D93/2] | 在馆 | |
| 3 | 0105130 | 001023378 | 第一样本阅览室/ [索取号:D93/2] | 在馆 |